000 00801nam a2200265Ia 4500
003 OSt
005 20220918223702.0
006 a|||||r|||| 00| 0
007 ta
008 220917b |||||||| |||| 00| 0 eng d
024 _a224,726
037 _cTextual
040 _aARTS
_cARTS
_beng
041 _2eng
_aeng
082 _aPxN38:g, P5
100 _aMufwene Salikoko S. Ed.
_915194
245 0 _aPolymorphous linguistics Jim McCawley's legacy
260 _aLondon
_bThe MIT press
_c2005
300 _axxx, 550p
_ccm.
650 _aLINGUISTICS
700 _a Francis Elaine J. Ed.
_915195
700 _a Wheeler Rebecca S. Ed.
_9146376
942 _hPxN38:g, P5
_cTEXL
_2CC
999 _c279177
_d279177